000 01190nam a22003377a 4500
003 CHAP
005 20220329135900.0
008 971013s1977 r 00010 d
010 _a43745
011 _a44717
035 _a48855
040 _cCHAP
082 _a630.16
_bF8 1953-77
100 0 0 _aFundación Servicio para el Agricultor. Cagua, Venezuela.
_944012
245 _aIndice de trabajos técnicos realizados bajo auspicios de FUSAGRI, 1953-1977
260 _aCagua :
_b(s.e.),
_c1977
300 _a72 h.
590 _aBATCH-UPD
_b10
_c20130110
_lUCH01
_h0025
590 _aBATCH-UPD
_b10
_c20130110
_lUCH01
_h2311
590 _aBATCH-UPD
_b10
_c20130409
_lUCH01
_h2006
590 _aBATCH-UPD
_b10
_c20130410
_lUCH01
_h1602
590 _aBATCH-UPD
_b10
_c20130913
_lUCH01
_h2057
590 _aCONVERSION
_b10
_c20130109
_lUCH01
_h1324
650 1 4 _aAgricultura
_xInvestigación
_xBibliografía
_xVenezuela.
_91590
650 1 4 _aAgricultura
_xInvestigación
_xVenezuela.
_91690
700 0 _aCoromoto Holder, Marío.
_928096
700 0 _aZambrano de García, Sonia.
_9123481
901 _aBK
942 _cLIBRO
949 _a630.16 F8 1953-77
_bBC
_cC
_d33724000534897
_eC
_h43917
_i48855
_mD
_si
999 _c43745
_d43745